| 000 | 00546nam a22001817a 4500 | ||
|---|---|---|---|
| 005 | 20250225074443.0 | ||
| 008 | 250225b |||||||| |||| 00| 0 eng d | ||
| 020 | _a9789364403511 | ||
| 040 |
_aIN-DiNC _cIN-DiNC |
||
| 041 | _deng | ||
| 082 |
_a658.312404 _bVIR |
||
| 100 |
_aVirk, Harjeet Kaur _eauthor |
||
| 245 |
_aTraining and development/ _cby Harjeet Kaur Virk and Sumedha Vikram Khanna |
||
| 260 |
_aLudhiana: _bKalyani publishers, _c2025. |
||
| 650 | _aPersonal management | ||
| 700 |
_aKhanna, Sumedha Vikram _eauthor |
||
| 942 |
_2ddc _cBK |
||
| 999 |
_c12050 _d12050 |
||